Т. 1; Экспериментальные методы в фотохимии и фотофизике

Bibliografiske detaljer
Parent link:Экспериментальные методы в фотохимии и фотофизике: в 2 т./ Я. Рабек; под ред. А. Ю. Борисова. Т. 1.— , 1985-
Sprog:russisk
Udgivet: 1985
Fag:
Format: MixedMaterials Bog
KOHA link:https://koha.lib.tpu.ru/cgi-bin/koha/opac-detail.pl?biblionumber=285470

MARC

LEADER 00000nam2a2200000 4500
001 285470
005 20231101235810.0
035 |a (RuTPU)RU\TPU\book\309712 
090 |a 285470 
100 |a 20150225d1985 k y0rusy50 ca 
101 1 |a rus  |c eng 
102 |a RU 
105 |a a z 000zy 
200 0 |a Т. 1 
210 |d 1985 
215 |a 608 с.  |c ил. 
461 1 |0 (RuTPU)RU\TPU\book\331460  |t Экспериментальные методы в фотохимии и фотофизике  |o в 2 т.  |o пер. с англ.  |f Я. Рабек  |g под ред. А. Ю. Борисова  |v Т. 1  |d 1985- 
606 1 |a Фотохимия  |x (химия)  |2 stltpush  |3 (RuTPU)RU\TPU\subj\64306  |9 81213 
610 1 |a экспериментальные методы 
610 1 |a фотофизика 
610 1 |a свет 
610 1 |a термины 
610 1 |a оптическое излучение 
610 1 |a оптические системы 
610 1 |a фильтры 
610 1 |a световоды 
610 1 |a оптические материалы 
610 1 |a оптико-механические инструменты 
610 1 |a фотодетекторы 
675 |a 544.52  |v 4 
801 1 |a RU  |b 63413507  |c 20150225 
801 2 |a RU  |b 63413507  |c 20160913  |g RCR 
942 |c BK